000
00204 a2200097 4500
001
23524
100
_a
Prensky, S D
245
_a
Electronic instrumentation
260
_a
_b
_c
1963
090
_c
15913
_d
15913
942
_a
NUST-CAE
_c
M
_c
6573
999
_c
258597
_d
258597